Flags of Subnational Units 2 - Statistics

General Stats
  • This quiz has been taken 66 times
  • The average score is 11 of 20
Answer Stats
Picture Hint Answer % Correct
USA Illinois
96%
UK Scotland
96%
USA Cleveland
88%
Denmark Faeroe Islands
84%
USA New Mexico
80%
Italy Sardinia
80%
Netherlands Amsterdam
70%
Egypt Alexandria
68%
St. Kitts and Nevis Nevis
68%
Netherlands North Holland
55%
Australia Australian Capital Territory
54%
UK Orkney
54%
New Zealand Wellington
52%
Belgium Brussels
48%
Netherlands South Holland
39%
Germany Saarland
38%
Russia Omsk
21%
Denmark Bornholm
18%
Italy Parma
18%
Paraguay Hernandarias
9%
No matching quizzes found
Score Distribution
Percent of People with Each Score
Percentile by Number Answered
Your Score History
You have not taken this quiz